000 00399cam a2200169ua 4500
020 _c2.75
041 _amal
_h
082 _a920
_bVAS/TH
100 _aVasu, Nambeesan .
245 _aThayo the ching /
_cVasu Nambeesan.
_hTextual Documents
260 _aNew Delhi :
_bSahitya Academy ,
_c1962.
300 _a141 ; .
365 _a2.75
504 _a
942 _cBK
999 _c4374
_d4374